Exploration of Halley's comet (Record no. 15238)

MARC details
000 -LEADER
fixed length control field 00811nam a2200205Ia 4500
003 - CONTROL NUMBER IDENTIFIER
control field IN-BaIIA
008 - FIXED-LENGTH DATA ELEMENTS--GENERAL INFORMATION
fixed length control field 211028s9999 xx 000 0 eng d
040 ## - CATALOGING SOURCE
Transcribing agency IIA Library
080 ## - UNIVERSAL DECIMAL CLASSIFICATION NUMBER
Universal Decimal Classification number 523.64
Item number BAT
111 ## - MAIN ENTRY--MEETING NAME
Meeting name or jurisdiction name as entry element ESLAB Symposium on the exploration of Halley's comet
Number of part/section/meeting 20th
Location of meeting Germany
Date of meeting or treaty signing 1986 Oct. 27-31
9 (RLIN) 28069
245 #0 - TITLE STATEMENT
Title Exploration of Halley's comet
Remainder of title 20th ESLAB symposium on the exploration of Halley's comet held in Heidelberg, Germany, 27-31 Oct 1986
Statement of responsibility, etc. edited by B. Battrick and Erica Rolfe
260 ## - PUBLICATION, DISTRIBUTION, ETC.
Place of publication, distribution, etc. France
Name of publisher, distributor, etc. European Space Agency
Date of publication, distribution, etc. 1986
300 ## - PHYSICAL DESCRIPTION
Extent viii, 466p.
650 ## - SUBJECT ADDED ENTRY--TOPICAL TERM
Topical term or geographic name entry element Comet coma
9 (RLIN) 28070
650 ## - SUBJECT ADDED ENTRY--TOPICAL TERM
Topical term or geographic name entry element Flux distribution
9 (RLIN) 28071
650 ## - SUBJECT ADDED ENTRY--TOPICAL TERM
Topical term or geographic name entry element JET structures
9 (RLIN) 28072
700 ## - ADDED ENTRY--PERSONAL NAME
Personal name Battrick, B., ed.
9 (RLIN) 11567
700 ## - ADDED ENTRY--PERSONAL NAME
Personal name Rolfe, Erica, ed.
942 ## - ADDED ENTRY ELEMENTS (KOHA)
Koha item type Books
Holdings
Withdrawn status Lost status Damaged status Not for loan Home library Current library Shelving location Date acquired Total Checkouts Full call number Barcode Date last seen Price effective from Koha item type
        IIA Library-Bangalore IIA Library-Kavalur General Stacks 17/07/2003   523.64/ BAT 16160 05/11/2021 17/07/2003 Books

Powered by Koha